000 01197cas a2200253 a 4500
005 20170526165421.0
008 880210d19861996hu ar p f0 a0eng c
022 _a0237-8930
040 _aLDL
_cLDL
_dDLC
_dNYG
_dNST
_dCRL
_dCOO
_dNST
_dAGL
_dDLC
_dOCLCQ
_dDLC
_dOCLCQ
_dHEBIS
_dDEBBG
_dGBVCP
_dOCLCF
_dOCLCO
_dOCLCQ
_dOCLCO
041 0 _aeng
_bhun
_brus
090 _aSE
245 0 0 _aBulletin of the University of Agricultural Sciences, Gödöllő
260 _aBudapest (Hungría) :
_bA Hírlapkiadó Vállalat,
_c1986-1996.
300 _bilustraciones ;
_c24 x 17 cm
310 _aa
650 2 6 _aAgricultura
_zHungría
_vPublicaciones periódicas
650 2 6 _aAgricultura
_vPublicaciones periódicas
650 2 6 _aAgricultura
_xInvestigaciones
_zHungría
_vPublicaciones periódicas
710 2 _aGödöllői Agrártudományi Egyetem
776 0 8 _iOnline version:
_tBulletin of the University of Agricultural Sciences, Gödöllő
_w(OCoLC)697941143
780 0 0 _tAgrártudományi Egyetem közleményei
_x0365-1886
_w(DLC)sn 86013084
_w(OCoLC)1537556
785 0 0 _tBulletin of the Szent István University
_x1586-4502
_w(DLC) 2005206035
_w(OCoLC)46479250
942 _2z
_cREVISTA
_s1
999 _c19507
_d19507